| 000 | 00519nmm a2200157Ia 4500 | ||
|---|---|---|---|
| 008 | 251105s9999||||xx |||||||||||||||||und|| | ||
| 020 | _a9789874434517 | ||
| 041 | _aspa | ||
| 100 | _aCouchonnal, Ana | ||
| 245 | 0 |
_aDonde nací como tú : _b Perspectivas en torno a la articulación de un sujeto político en Paraguay |
|
| 264 |
_a[Buenos Aires, Argentina] : _bEditorial Sb, _c2020 |
||
| 300 | _a193 páginas | ||
| 650 | _aHistory (General) | ||
| 856 | _uhttps://public.digitaliapublishing.com/a/129350 | ||
| 942 | _cCF | ||
| 999 |
_c97382 _d97382 |
||